Borrowing Agreement with the Central Bank of Malta.

In light of the multilateral effort to ensure the adequacy of the financial resources available to the International Monetary Fund, and with a view to supporting the Fund's ability to provide timely and effective balance of payments assistance to its members, the Central Bank of Malta agrees to...

وصف كامل

التفاصيل البيبلوغرافية
مؤلف مشترك: International Monetary Fund
التنسيق: دورية
اللغة:English
منشور في: Washington, D.C. : International Monetary Fund, 2010.
سلاسل:Policy Papers; Policy Paper ; No. 2010/039
الوصول للمادة أونلاين:Full text available on IMF
LEADER 01443cas a2200241 a 4500
001 AALejournalIMF020057
008 230101c9999 xx r poo 0 0eng d
020 |c 5.00 USD 
020 |z 9781498338028 
022 |a 2663-3493 
040 |a BD-DhAAL  |c BD-DhAAL 
110 2 |a International Monetary Fund. 
245 1 0 |a Borrowing Agreement with the Central Bank of Malta. 
264 1 |a Washington, D.C. :  |b International Monetary Fund,  |c 2010. 
300 |a 1 online resource (7 pages) 
490 1 |a Policy Papers 
500 |a <strong>Off-Campus Access:</strong> No User ID or Password Required 
500 |a <strong>On-Campus Access:</strong> No User ID or Password Required 
506 |a Electronic access restricted to authorized BRAC University faculty, staff and students 
520 3 |a In light of the multilateral effort to ensure the adequacy of the financial resources available to the International Monetary Fund, and with a view to supporting the Fund's ability to provide timely and effective balance of payments assistance to its members, the Central Bank of Malta agrees to lend to the Fund an SDR denominated amount up to the equivalent of EUR120 million, on the terms and conditions set in this policy paper. 
538 |a Mode of access: Internet 
830 0 |a Policy Papers; Policy Paper ;  |v No. 2010/039 
856 4 0 |z Full text available on IMF  |u http://elibrary.imf.org/view/journals/007/2010/039/007.2010.issue-039-en.xml  |z IMF e-Library